disney song lyrics but you don't know which - Statistics

General Stats
  • This quiz has been taken 414 times
  • The average score is 59 of 137
Answer Stats
Answer % Correct
I
98%
A
94%
a
94%
the
89%
you
81%
You
81%
be
78%
be,
78%
me
72%
me,
72%
to
70%
and
69%
we
69%
it
64%
so
61%
in
54%
What
53%
on
52%
know
50%
hear
49%
my
48%
they
48%
could
46%
like
44%
You're
40%
I'm
39%
this
39%
but
38%
by
38%
if
37%
If
37%
We're
36%
with
34%
get
30%
girl
30%
say,
28%
think
27%
boy
26%
got
25%
did
24%
from
24%
I've
24%
might
24%
Oh
23%
out
23%
gonna
22%
more
22%
Right
22%
wrong
22%
life
21%
side
20%
side,
20%
we'll
20%
Something
19%
something
19%
crazy
18%
tell
18%
start
17%
zombie
16%
heard
15%
perfect
15%
sounds
14%
story?
14%
eye
13%
Someday,
13%
someday
13%
fantasy
12%
feeling
12%
feeling,
12%
inside
12%
other
12%
came
10%
extraordinary?
10%
ordinary
10%
paradise
10%
vaguely
10%
living
9%
broad
8%
caught
8%
daylight
8%
laugh,
8%
Ooh,
6%
No matching quizzes found
Score Distribution
Percent of People with Each Score
Percentile by Number Answered
Your Score History
You have not taken this quiz